| 000 | 00416nam a2200169Ia 4500 | ||
|---|---|---|---|
| 001 | 1656 | ||
| 003 | IN-NITTTR | ||
| 005 | 20251114232918.0 | ||
| 008 | 251113s9999||||xx |||||||||||||| ||eng|| | ||
| 040 | _beng | ||
| 040 | _cIN-NITTTR | ||
| 041 | _aeng | ||
| 082 | _a371.1M969S | ||
| 100 | _aMursell, James L. | ||
| 245 | 0 |
_aSuccessful teaching : _b its psychological principles / _cMursell, James L. |
|
| 942 |
_2ddc _cBK |
||
| 999 |
_c2305 _d2305 |
||